Library Banner

Robbing an election/ (Record no. 98294)

MARC details
000 -LEADER
fixed length control field 00403nam a22001577a 4500
005 - DATE AND TIME OF LATEST TRANSACTION
control field 20170919125017.0
008 - FIXED-LENGTH DATA ELEMENTS--GENERAL INFORMATION
fixed length control field 170919b xxu||||| |||| 00| 0 eng d
020 ## - INTERNATIONAL STANDARD BOOK NUMBER
International Standard Book Number 9789696520061
040 ## - CATALOGING SOURCE
Transcribing agency PK-LaUMT
082 ## - DEWEY DECIMAL CLASSIFICATION NUMBER
Classification number PKAC 324.66
Item number AIT-R
100 ## - MAIN ENTRY--PERSONAL NAME
Personal name Aitzaz Ahsan
245 ## - TITLE STATEMENT
Title Robbing an election/
Statement of responsibility, etc Aitzaz Ahsan
260 ## - PUBLICATION, DISTRIBUTION, ETC. (IMPRINT)
Place of publication, distribution, etc Lahore:
Name of publisher, distributor, etc Jumhoori publications,
Date of publication, distribution, etc 2013
300 ## - PHYSICAL DESCRIPTION
Extent 156 p.
942 ## - ADDED ENTRY ELEMENTS (KOHA)
Koha item type Books
Holdings
Withdrawn status Lost status Damaged status Home library Current library Date acquired Full call number Barcode Date last seen Price effective from Koha item type
      UMT Main Campus UMT Main Campus 2017-09-19 PKAC 324.66 AIT-R 113774 2017-09-19 2017-09-19 Books